Sherlock Holmes (Record no. 144498)

MARC details
000 -LÍDER
campo de controle de tamanho fixo 00540 a2200181 4500
001 - NÚMERO DE CONTROLE
campo de controle 144498
040 ## - FONTE DA CATALOGAÇÃO
Instituição que transcreveu o registro Leonardo Da Vinci
041 ## - CÓDIGO DE IDIOMA
Código do idioma do texto/trilha sonora ou título diferente Português
082 ## - CDD - CLASSIFICAÇÃO DECIMAL DE DEWEY
Número de Classificação 820 D784c
Número do exemplar D784c
100 ## - ENTRADA PRINCIPAL--NOME PESSOAL
Nome pessoal DOYLE, Sir Arthur Conan
245 ## - TÍTULO
Título Sherlock Holmes
Restante do título O cão dos Baskervilles
260 ## - PUBLICAÇÃO, DISTRIBUIÇÃO, ETC.
Nome do editor, distribuidor, etc. Melhoramentos
Data da publicação, distribuição, etc. 2003
Local de publicação, distribuição, etc. São Paulo
300 ## - DESCRIÇÃO FÍSICA
Extensão 152 p.
362 ## - DATAS DE PUBLICAÇÃO E/OU DESIGNAÇÃO SEQUENCIAL
Datas de publicação e/ou designação sequencial 200330000
500 ## - NOTA GERAL
Nota geral Antonio Carlos Vilela (Tradução)
697 ## - ENTRADA DE ASSUNTO LOCAL--ENTIDADE COLETIVA (RLIN)
Nome corporativo ou nome da jurisdição Literatura
-- Romance
-- Ficção inglesa
-- Ficção policial
-- Suspense
-- Mistério
-- Inglaterra
942 ## - ELEMENTOS DE ENTRADA ADICIONADOS (KOHA)
Tipo de material Koha Livros
Holdings
Situação do descarte Situação das perdas Situação física Não pode ser emprestado Biblioteca de origem Biblioteca atual Data de aquisição Total de empréstimos Número de chamada completo Código de barras Data de último acesso Data do preço efetivo Tipo de material Koha
        Leonardo Da Vinci - Granja Viana Leonardo Da Vinci - Granja Viana 27/03/2024   820 D784c G00857 27/03/2024 27/03/2024 Livros